02616nam a2200349uu 4500001000800000005001700008008004100025020001800066035001200084040001300096041000800109082000800117100004400125245005900169250001700228260009700245300003200342490002700374500007100401505050600472520080200978650002801780650003001808650004001838700009101878700003901969700006602008700005302074700003002127700006602157700004302223148435820260508092304.0180201s2017 spa  a9789585434707 a1484358 ccomduadb aspa 4a70010aBustos Gómez, Marta Lucía4edteedt10aDiálogos a propósito de los estudios artísticos  a1. edición aBogotá :bUniversidad Distrital Francisco José de Caldas. Facultad de Artes ASAB,c2017. a110 páginas :bgráficos0 aColección : Magister aGENERAL : Proyecto Curricular Maestría en Estudios Artísticos. aCONTENIDO : Índice. -- Presentación. -- Trayectorias : Antecedentes. Contexto de creación de la maestría en estudios artísticos. Tendencias de la formación artística de posgrado. Los debates. Otros debates. -- Otras voces : Desafíos y tendencias d ela universidad en Colombia : los retos de una Maestría en Estudios Artístico. La colonialidad del ver : Estudios Culturales/Visuales/Artísticos. -- Perspectivas y retos . Maestría en Estudios Artísticos. -- Las y los autores.3 aEl presente volumen recopila las discusiones y los puntos de encuentro del equipo docente que participó en la formulación del primer programa de formación postgradual de la Facultad de Artes ASAB de la Universidad Distrital Francisco José de Caldas. Es una huella del proceso de investigación colectiva que implicó el diseño y formulación de la Maestría en Estudios Artísticos, como respuesta de la Facultad de Artes ASAB a la demanda por construir conocimientos y saberes pertenecientes a las prácticas artísticas, sus instituciones, sus profesionales, sus ámbitos de desempeño y Sus roles en la sociedad. El libro presenta cómo emerge la Maestría en Estudios Artísticos en el contexto de la Facultad de Artes ASAB en un cruce de caminos y discursos múltiples. aFormación artística 7aEstudios culturales2lemb aMaestría en Estudios Artísticos10aCastro-Gómez, Santiago,d 1958-4aut0(isni)0000 0000 7828 75400(viaf)39602266eaut10aCastillo Ballén, Sonia4auteaut10aGarzón Martínez, María Teresa4aut0(viaf)63811417eaut10aRodríguez Sarmiento, Víctor Manuel4auteaut10aMendoza, Ivonne4auteaut10aGarzón Martínez, María Teresa4aut0(viaf)63811417eaut10aRodríguez, Víctor Manuel4auteaut